000 00747nam a2200265Ia 4500
003 OSt
005 20221005040204.0
006 a|||||r|||| 00| 0
007 ta
008 221004b |||||||| |||| 00| 0 eng d
020 _a9788120809550
024 _a101642
037 _cTextual
040 _aCRL
_cCRL
_beng
041 _2eng
_aeng
082 _aQ42v2, N3
100 _aAkira Hirakawa
_924319
245 0 _aHistory of Indian Buddhism
_b From Sakyamuni to early Mahayana
260 _aDelhi
_bMotilal Banarsidas India
_c1993
300 _axviii,402p.
_ccm.
650 _aRELIGION
700 _a Groner Paul Ed.
_924320
942 _hQ42v2, N3
_cTEXL
_2cc
999 _c946507
_d946507